000 00626nam a22002057a 4500
999 _c6209
_d6209
003 AR-CdUCM
008 190313b ||||| |||| 00| 0 spa d
040 _aMUNICIPALIDAD PROVINCIAL DEL CUSCO
_cBIBLIOTECA MUNICIPAL DEL CUSCO
082 _a801 /
_bP26
100 _aPredes, Henry
_917908
245 _aSol de Fernando Tupac Amaru /
260 _aCusco :
_c2009.
300 _a44 paginas ;
_c21 cm.
505 _aContenido : Canas inmortal -- Corazón Caneño -- Túpac Amaru -- Voz de Fernando ...
650 _aPoemas
_9929
650 _aLiteratura
_9416
650 _aCusco
_9772
942 _2ddc
_cLIBROS
945 _arah